000 01885nam a2200301 4500
001 104
003 OSt
005 20250528074012.0
008 250127b |||||||e |||| 00| 1 eng d
040 _bpor
041 _heng
_apor
082 _a813
_bC255g
100 1 _aCaputo, Philip
_d1941-
_9227
240 _aDelcorso´s gallery
245 _aA galeria Delcorso /
_cCaputo, Philip ; Tradução de Reinaldo Guarany e Luisa Ibañez
260 _aSão Paulo
_bCírculo do Livro
_c1987
300 _a374 p.
520 _aUm romance clássico sobre o Vietnã e suas consequências de Philip Caputo, cujo livro de memórias vencedor do Prêmio Pulitzer, A Rumor of War, é amplamente considerado um dos melhores já escritos sobre a experiência da guerra. Aos trinta e três anos, Nick DelCorso é um premiado fotógrafo de guerra que viu ação e desviou de balas em todo o mundo - mais notavelmente no Vietnã, onde serviu como fotógrafo do Exército e registrou cenas de combate cujos horrores ainda não desapareceram de sua memória. Quando ele é chamado de volta ao Vietnã em missão durante uma tentativa norte-vietnamita de tomar Saigon, ele se depara com uma definição: ele deve honrar o compromisso que fez com sua esposa de não se colocar em mais perigo pelo bem de sua carreira, ou seguir sua ambição de volta para a terra devastada pela guerra que ainda assombra seus sonhos? O que se segue é uma história fascinante de guerra em duas frentes, Saigon e Beirute, que testará a fé de DelCorso não apenas em si mesmo, mas nos instintos mais nobres dos homens.
650 0 _aLiteratura Americana
_984
650 0 _aGuerra
_930
650 0 _aDrama
_918
650 0 _aExperiência de vida
_9188
655 0 _aRomance
_923
655 0 _aFicção
_922
700 _aReinaldo Guarany
_eTradutor
_9228
700 _aLuisa Ibañez
_eTradutor
_9229
942 _2ddc
_n0
_cBK
999 _c104
_d104